Matemática y física preuniversitaria. (Registro nro. 2713)

Detalles MARC
000 -LEADER
fixed length control field 00959nam a2200277 a 4500
005 - FECHA ULTIMA MODIFICACION
control field 20240702091308.0
008 - CAMPO DE CONTROL (LIBRO)
fixed length control field 100316e2007||||ag a f |||| 001 0 spa d
020 ## - INTERNATIONAL STANDARD BOOK NUMBER
ISBN S/N
041 ## - CODIGO DE IDIOMA
Código de idioma del texto/pista de sonido o título separado spa
092 ## - SIGNATURA TOPOGRAFICA DEWEY LOCAL
número de clasificación 540
libristica 24
sección FAL
100 1# - ENTRADA PRINCIPAL--NOMBRE PERSONAL
Nombre personal Falco, Alfredo.
9 (RLIN) 3886
245 ## - TITULO PROPIAMENTE DICHO
Título Matemática y física preuniversitaria.
Número de la parte/sección de la obra T.1 /
Mención de responsabilidad y remanente de la transcripción de la portada Alfredo Falco
250 ## - MENCION DE EDICION
Mención de edición 1a ed.
260 ## - PIE DE IMPRENTA
Lugar de publicación, distribución, etc Córdoba [Argentina] :
Nombre de la editorial, distribuidor, etc Apoyo Total Universitario,
Fecha de publicación 2007.
300 ## - DESCRIPCION FISICA
Extension 1-550 p.
500 ## - NOTA GENERAL
Nota general Falco, A. (2007). Matemática y física preuniversitaria. T.1 (1a ed.). Córdoba [Argentina] : Apoyo Total Universitario.
590 ## - NOTAS LOCALES (RLIN)
Nota local Donación Martinez, Agustina. Abril 2018
653 ## - TÉRMINO INDIZADO - PALABRAS CLAVES
Palabra clave Nociones básica de matemáticas
653 ## - TÉRMINO INDIZADO - PALABRAS CLAVES
Palabra clave Analisis funcional
653 ## - TÉRMINO INDIZADO - PALABRAS CLAVES
Palabra clave Introducción al cálculo diferencial
653 ## - TÉRMINO INDIZADO - PALABRAS CLAVES
Palabra clave Estadistica. Principios de bioestadistica
653 ## - TÉRMINO INDIZADO - PALABRAS CLAVES
Palabra clave Magnitudes físicas. Vectores
653 ## - TÉRMINO INDIZADO - PALABRAS CLAVES
Palabra clave Estática
653 ## - TÉRMINO INDIZADO - PALABRAS CLAVES
Palabra clave Cinemática
942 ## - ADDED ENTRY ELEMENTS (KOHA)
Source of classification or shelving scheme Dewey Decimal Classification
Item type Libros
Existencias
Estado de retiro Existencia Fuente de clasificación Estado general No para prestamo Ubicación permanente ubicación actual Sala de ubicación Fecha de adquisición Fuente de adquisición Total Checkouts Número de clasificación Código de barras Date last seen Date last borrowed Número de ejemplar Price effective from Koha tipo de elemento (item) Public note
    Dewey Decimal Classification     Biblioteca Medicina Biblioteca Medicina Circulación 23/04/2018 Donación Martinez, Agustina. Abril 2018 9 540 24 FAL 4224 15/04/2024 10/04/2024 Ej. 1 23/04/2018 Libros Donación Martinez, Agustina. Abril 2018

UNIVERSIDAD NACIONAL DEL COMAHUE
Biblioteca de la Facultad de Ciencias Médicas
Sede Toschi: Los Arrayanes y Av. Toschi, Cipolletti  - Rio Negro
Sede Los Tordos:  Yrigoyen al 2211, Cipolletti - Rio Negro 

Teléfono: 0299 - 4774707 int 25
Contacto: biblioteca@facimed.uncoma.edu.ar
© 2011 - 2026